[Event "Titled Tue 10th Jun Early"]
[Site "chess.com INT"]
[Date "2025.06.10"]
[Round "2"]
[White "Ter-Sahakyan, Samvel"]
[Black "Vikas, Hema"]
[Result "1-0"]
[WhiteTitle "GM"]
[BlackTitle "WCM"]
[WhiteElo "2611"]
[BlackElo "1856"]
[WhiteFideId "13302531"]
[BlackFideId "39908852"]
[EventDate "2025.06.10"]

1. e4 e5 2. Nf3 Nc6 3. Bb5 d6 4. O-O Bd7 5. d4 exd4 6. Nxd4 Nf6 7. Nc3 Be7 8.
Bxc6 Bxc6 9. Qd3 O-O 10. Nf5 Bd7 11. Ng3 Bc6 12. b3 Ng4 13. Bb2 Ne5 14. Qd2 Bh4
15. Nf5 Bd7 16. Nxh4 Qxh4 17. f4 Ng4 18. h3 Nh6 19. f5 Rfe8 20. Rf4 Qg5 21. Raf1
Bc6 22. Qd4 Re5 23. Qd3 Rae8 24. R4f3 Qe7 25. f6 Qe6 26. fxg7 Bxe4 27. Nxe4 Rxe4
28. Rf6 Qe5 1-0

[Event "Titled Tue 10th Jun Early"]
[Site "chess.com INT"]
[Date "2025.06.10"]
[Round "2"]
[White "Kiremitciyan, Ari"]
[Black "Sheehan, Ethan"]
[Result "1-0"]
[WhiteTitle "FM"]
[WhiteElo "2271"]
[BlackElo "2364"]
[WhiteFideId "6373445"]
[BlackFideId "30943965"]
[EventDate "2025.06.10"]

1. Nf3 g6 2. g3 Bg7 3. Bg2 d6 4. d4 Nd7 5. O-O Ngf6 6. b3 O-O 7. Bb2 c5 8. c4
Rb8 9. Nc3 b6 10. e4 cxd4 11. Nxd4 Bb7 12. Qe2 a6 13. Rad1 Qc7 14. Nd5 Nxd5 15.
exd5 Rfe8 16. Rfe1 Nc5 17. h4 h5 18. Nc6 e5 19. Nxb8 Rxb8 20. Bc1 Re8 21. Be3
Bc8 22. Qd2 a5 23. Bh6 Bxh6 24. Qxh6 Bf5 25. Qe3 Re7 26. a3 Bc2 27. b4 axb4 28.
axb4 Na6 29. Rc1 Bf5 30. Qa3 Bc8 31. Bf1 Nb8 32. c5 bxc5 33. bxc5 dxc5 34. Qxc5
Qxc5 35. Rxc5 Bf5 36. d6 Ra7 37. Rcxe5 Kf8 38. Re7 Nd7 39. Bc4 1-0

[Event "Titled Tue 10th Jun Early"]
[Site "chess.com INT"]
[Date "2025.06.10"]
[Round "2"]
[White "Ferguson, Randal"]
[Black "Lacasa Diaz, Josep Anton"]
[Result "0-1"]
[BlackTitle "IM"]
[WhiteElo "2058"]
[BlackElo "2315"]
[WhiteFideId "30903106"]
[BlackFideId "2203375"]
[EventDate "2025.06.10"]

1. Nc3 d5 2. e4 d4 3. Nce2 c5 4. f4 Nc6 5. Nf3 Bg4 6. Ng3 e5 7. fxe5 Nxe5 8.
Bb5+ Nc6 9. O-O Be7 10. h3 Bd7 11. d3 Nf6 12. Bd2 O-O 13. Qe1 a6 14. Bc4 b5 15.
Bb3 Bd6 16. Nf5 Bxf5 17. exf5 Re8 18. Qh4 Na5 19. Ng5 Nxb3 20. axb3 Re2 21. Ba5
Qe7 22. Rae1 Re8 23. Ne4 Rxe1 24. Nxf6+ Qxf6 25. Rxe1 Qxh4 26. Rxe8+ Bf8 27. Bd8
Qg3 28. Be7 Qe1+ 29. Kh2 Qxe7 30. Rxe7 Bxe7 31. g4 Bd6+ 32. Kg2 Kf8 33. Kf3 Ke7
34. Ke4 Kd7 35. Kd5 Be7 36. b4 cxb4 37. Kxd4 Kd6 38. b3 a5 0-1

[Event "Titled Tue 10th Jun Early"]
[Site "chess.com INT"]
[Date "2025.06.10"]
[Round "2"]
[White "Erigaisi, Arjun"]
[Black "Caprio, Guido"]
[Result "1-0"]
[WhiteTitle "GM"]
[BlackTitle "IM"]
[WhiteElo "2782"]
[BlackElo "2435"]
[WhiteFideId "35009192"]
[BlackFideId "834580"]
[EventDate "2025.06.10"]

1. Nf3 Nf6 2. c4 b6 3. b3 g6 4. Bb2 Bg7 5. g3 Bb7 6. Bg2 c5 7. O-O O-O 8. d4
cxd4 9. Qxd4 d6 10. Nc3 Nbd7 11. Rad1 Rc8 12. h3 Ne4 13. Qe3 Nxc3 14. Bxc3 Bxc3
15. Qxc3 b5 16. Qb4 Bxf3 17. Bxf3 bxc4 18. bxc4 Ne5 19. Bd5 e6 20. Bb7 Rb8 21.
c5 Qc7 22. Rb1 dxc5 23. Qe4 Rfd8 24. Rfc1 c4 25. a4 Rd6 26. Rb5 Rb6 27. Qxe5
Qxe5 28. Rxe5 R8xb7 29. Rxc4 Rb4 30. Rxb4 Rxb4 31. Ra5 Rb7 32. f4 Kg7 33. Kf2 h5
34. g4 h4 35. g5 Rb3 36. e3 Rb7 37. Kf3 f5 38. gxf6+ Kxf6 39. Kg4 Rb4 40. Rxa7
Re4 41. Kf3 Rb4 42. a5 Ra4 43. a6 e5 44. fxe5+ Kxe5 45. Ra8 Kf6 46. a7 Kg5 47.
e4 Ra3+ 48. Ke2 Ra5 49. Ke3 Ra3+ 50. Kd4 Ra4+ 51. Kd3 Ra3+ 52. Kc4 Rxh3 53. Rh8
Ra3 54. a8=Q Rxa8 55. Rxa8 Kf4 56. Kd4 g5 57. e5 Kf5 58. Rf8+ Ke6 59. Rf6+ 1-0

[Event "Titled Tue 10th Jun Early"]
[Site "chess.com INT"]
[Date "2025.06.10"]
[Round "2"]
[White "Wong, Yinn Long"]
[Black "Jval Saurin Patel"]
[Result "0-1"]
[WhiteTitle "FM"]
[BlackTitle "FM"]
[WhiteElo "2300"]
[BlackElo "2331"]
[WhiteFideId "5707684"]
[BlackFideId "25968343"]
[EventDate "2025.06.10"]

1. Nf3 Nf6 2. b3 c5 3. Bb2 d5 4. e3 Nc6 5. Bb5 Bg4 6. h3 Bh5 7. g4 Bg6 8. Ne5
Rc8 9. h4 h5 10. Nxg6 fxg6 11. g5 Nd7 12. f4 e6 13. Bxc6 Rxc6 14. d3 Be7 15.
Bxg7 Rh7 16. Bb2 Rf7 17. Nd2 Qa5 18. c4 d4 19. Qe2 Bd6 20. O-O dxe3 21. Qxe3 Kd8
22. Ne4 Be7 23. Kg2 Kc8 24. d4 cxd4 25. Bxd4 Qf5 26. Qe2 Rf8 27. Rad1 Bd6 28.
Nxd6+ Rxd6 29. Be3 Qe4+ 30. Kh2 Rxd1 31. Rxd1 Rxf4 32. Rd4 Rxh4+ 33. Kg3 Rg4+
34. Kh2 Qe5+ 0-1

[Event "Titled Tue 10th Jun Early"]
[Site "chess.com INT"]
[Date "2025.06.10"]
[Round "2"]
[White "Kjaergaard-Jensen, Jesper"]
[Black "Avramidou, Anastasia"]
[Result "0-1"]
[WhiteTitle "CM"]
[BlackTitle "FM"]
[WhiteElo "2081"]
[BlackElo "2294"]
[WhiteFideId "1406990"]
[BlackFideId "4239873"]
[EventDate "2025.06.10"]

1. d4 Nf6 2. Nf3 g6 3. c3 Bg7 4. Bg5 O-O 5. Bxf6 Bxf6 6. Nbd2 d6 7. e4 c5 8.
dxc5 dxc5 9. Nc4 Nc6 10. h4 h5 11. Ne3 Be6 12. Qc2 Rc8 13. Ng5 Bxg5 14. hxg5 Qd6
15. g3 Rfd8 16. f4 Nd4 17. Qg2 Nc6 18. f5 Bd7 19. fxg6 fxg6 20. Bc4+ Kg7 21. O-O
Ne5 22. Be2 Be6 23. Rad1 Qb6 24. Rxd8 Rxd8 25. Kh1 Qxb2 26. Rf2 Qc1+ 27. Nf1
Qxc3 28. Bxh5 Rh8 29. g4 Nxg4 30. Rf3 Rxh5+ 31. Kg1 Qd4+ 32. Ne3 Nxe3 33. Qf2
Ng4 34. Qxd4+ cxd4 35. Rc3 dxc3 0-1

[Event "Titled Tue 10th Jun Early"]
[Site "chess.com INT"]
[Date "2025.06.10"]
[Round "2"]
[White "Punin, Andrii"]
[Black "Yang, Daniel"]
[Result "1-0"]
[WhiteTitle "FM"]
[BlackTitle "CM"]
[WhiteElo "2289"]
[BlackElo "2198"]
[WhiteFideId "14112639"]
[BlackFideId "30976340"]
[EventDate "2025.06.10"]

1. e4 c5 2. Be2 Nc6 3. f4 e6 4. Nf3 d5 5. d3 dxe4 6. dxe4 Qxd1+ 7. Bxd1 Nf6 8.
Nc3 Be7 9. h3 O-O 10. Be3 Rb8 11. Be2 a6 12. a4 Rd8 13. Rd1 Rxd1+ 14. Kxd1 Bd7
15. e5 Nd5 16. Nxd5 exd5 17. c3 Na5 18. Ke1 Bxa4 19. Kf2 Nc6 20. g4 f6 21. exf6
Bxf6 22. Bxc5 Rd8 23. g5 Be7 24. Bxe7 Nxe7 25. Nd4 Rf8 26. Kg3 Nc6 27. Ne6 Re8
28. Bg4 Bc2 29. f5 Nd8 30. Nxd8 Rxd8 31. Re1 d4 32. cxd4 Rxd4 33. Re7 Be4 34. f6
gxf6 35. gxf6 Bd5 36. Bh5 Re4 37. Rd7 1-0

[Event "Titled Tue 10th Jun Early"]
[Site "chess.com INT"]
[Date "2025.06.10"]
[Round "2"]
[White "Tikhonov, Viacheslav"]
[Black "Tiitta, Sauli"]
[Result "0-1"]
[WhiteTitle "CM"]
[WhiteElo "2183"]
[BlackElo "2157"]
[WhiteFideId "44196407"]
[BlackFideId "502251"]
[EventDate "2025.06.10"]

1. e4 g5 2. d4 h6 3. Nc3 d6 4. Be3 Bg7 5. Be2 Nc6 6. h4 gxh4 7. Nf3 h3 8. gxh3
e5 9. Rg1 Kf8 10. dxe5 Nxe5 11. Nxe5 Bxe5 12. f4 Qh4+ 13. Bf2 Qxf4 14. Nd5 Qxe4
15. Nxc7 Bxb2 16. Qxd6+ Qe7 17. Qxe7+ Kxe7 18. Nxa8 Bc3+ 19. Kd1 Bxa1 20. Bxa7
Nf6 21. Bd3 Be6 22. Bc5+ Kd7 23. Nb6+ Kc6 24. Be3 Nd5 25. Bf2 Rd8 26. Nxd5 Bxd5
27. Kc1 Bc3 28. Rg4 Bxa2 29. Ra4 Be6 30. Bc4 Bxh3 31. Bxf7 Bd2+ 32. Kb1 Bg5 33.
Rc4+ Kb5 34. Rc5+ Ka6 35. Bc4+ b5 36. Rxb5 Rd1+ 37. Ka2 Be6 0-1

[Event "Titled Tue 10th Jun Early"]
[Site "chess.com INT"]
[Date "2025.06.10"]
[Round "2"]
[White "Marchesich, Giovanni"]
[Black "Kis, Lorand Bela"]
[Result "1-0"]
[WhiteTitle "CM"]
[WhiteElo "2189"]
[BlackElo "1955"]
[WhiteFideId "2824790"]
[BlackFideId "2024098"]
[EventDate "2025.06.10"]

1. d4 Nf6 2. Nc3 c5 3. d5 d6 4. e4 a6 5. a4 g6 6. Nf3 Bg7 7. Bf4 O-O 8. Qd2 Qa5
9. Bd3 b5 10. e5 dxe5 11. Bxe5 b4 12. Ne4 Bg4 13. O-O Bxf3 14. Bxf6 exf6 15.
gxf3 f5 16. Nd6 Qd8 17. Qf4 Nd7 18. Nc4 Nb6 19. Nxb6 Qxb6 20. Rad1 Bxb2 21. Bc4
Bd4 22. Rfe1 Rfe8 23. d6 Rad8 24. Re7 Rxe7 25. dxe7 Re8 26. Re1 Bf6 27. a5 Qxa5
28. Qd6 Kg7 29. Qd5 Qa4 30. Qxf7+ Kh6 31. Qxf6 Qxc2 32. Bf7 Qc3 33. Qxc3 bxc3
34. Bxe8 1-0

[Event "Titled Tue 10th Jun Early"]
[Site "chess.com INT"]
[Date "2025.06.10"]
[Round "2"]
[White "El Zein, Zayne-Eddine"]
[Black "Peng, Li Min"]
[Result "0-1"]
[WhiteTitle "CM"]
[BlackTitle "GM"]
[WhiteElo "2194"]
[BlackElo "2491"]
[WhiteFideId "5313210"]
[BlackFideId "14112620"]
[EventDate "2025.06.10"]

1. e4 Nc6 2. Nf3 d5 3. exd5 Qxd5 4. d3 Bg4 5. Nc3 Qh5 6. Be2 O-O-O 7. h3 e5 8.
O-O Nf6 9. Nh2 Bxe2 10. Qxe2 Qxe2 11. Nxe2 Nb4 12. c3 Nxd3 13. Rd1 Bc5 14. Be3
Bxe3 15. fxe3 Nxb2 16. Rxd8+ Rxd8 17. Rb1 Nc4 18. Nf1 c5 19. Neg3 Rd3 20. Nf5
Ne8 21. Kf2 Rxc3 22. Ne7+ Kb8 23. Nc6+ Ka8 24. Rd1 bxc6 25. Rd8+ Kb7 26. Rxe8
Rc2+ 27. Kf3 Nd6 28. Rxe5 c4 29. Re7+ Kb6 30. Rd7 Kc5 31. e4 c3 32. e5 Nc4 33.
Rxa7 Nxe5+ 34. Ke3 Rxg2 35. Re7 Kd6 0-1

[Event "Titled Tue 10th Jun Early"]
[Site "chess.com INT"]
[Date "2025.06.10"]
[Round "2"]
[White "Martinez Ramirez, Lennis"]
[Black "Torres Rebolledo, Alvaro"]
[Result "1-0"]
[WhiteTitle "IM"]
[BlackTitle "FM"]
[WhiteElo "2442"]
[BlackElo "2318"]
[WhiteFideId "3509079"]
[BlackFideId "54587670"]
[EventDate "2025.06.10"]

1. Nf3 b6 2. e4 Bb7 3. Nc3 c5 4. d4 cxd4 5. Nxd4 e6 6. a3 a6 7. Bd3 d6 8. O-O
Nf6 9. f4 Be7 10. Kh1 O-O 11. e5 dxe5 12. fxe5 Nd5 13. Ne4 Nc6 14. Nxc6 Bxc6 15.
Qh5 g6 16. Qh6 f5 17. exf6 Nxf6 18. Ng5 Qd5 19. Be4 Qc4 20. Bd2 Bxe4 21. Rxf6
Bxg2+ 22. Kxg2 Qd5+ 23. Kh3 Rf7 24. Rxf7 1-0

[Event "Titled Tue 10th Jun Early"]
[Site "chess.com INT"]
[Date "2025.06.10"]
[Round "2"]
[White "Sethuraman, Roshan"]
[Black "Arun, Siddharth"]
[Result "1-0"]
[WhiteElo "2074"]
[BlackElo "1978"]
[WhiteFideId "30965250"]
[BlackFideId "2079178"]
[EventDate "2025.06.10"]

1. e4 c5 2. Nf3 Nc6 3. d4 cxd4 4. Nxd4 Nf6 5. Nc3 e5 6. Ndb5 d6 7. Bg5 a6 8. Na3
b5 9. Bxf6 gxf6 10. Nd5 Bg7 11. Bd3 Ne7 12. c4 Nxd5 13. cxd5 f5 14. O-O f4 15.
Rc1 O-O 16. Qh5 Bd7 17. g3 Qf6 18. f3 Rac8 19. Nc2 a5 20. Na3 b4 21. Nc4 Bb5 22.
b3 Bxc4 23. Bxc4 Qh6 24. Qf5 Qg6 25. g4 Qxf5 26. gxf5 Bf6 27. Kf2 Kh8 28. Rg1
Rg8 29. Ke2 Rxg1 30. Rxg1 h5 31. Kd3 h4 32. h3 Kh7 33. Rg4 Rc5 34. Rg2 Rc8 35.
Ke2 Rg8 36. Rxg8 Kxg8 37. Kd3 Bd8 38. Bb5 Kf8 39. Bc6 f6 40. Kc4 Ke7 41. Kb5 Bc7
42. Ka6 Bd8 43. Kb7 Kf8 44. Bb5 Ke7 45. Ba4 Kf7 46. Kc6 Be7 47. Kd7 Bf8 48. Bc6
Be7 49. Kc7 Kg7 50. Be8 Kf8 51. Bg6 Kg7 52. Kd7 Kf8 53. Ke6 Bd8 54. Kxd6 1-0

[Event "Titled Tue 10th Jun Early"]
[Site "chess.com INT"]
[Date "2025.06.10"]
[Round "2"]
[White "Palmer, Reegan"]
[Black "Gutierrez Olivares, Daniel"]
[Result "0-1"]
[WhiteTitle "CM"]
[BlackTitle "FM"]
[WhiteElo "2058"]
[BlackElo "2354"]
[WhiteFideId "14322145"]
[BlackFideId "2264005"]
[EventDate "2025.06.10"]

1. e4 e6 2. Qe2 b6 3. Nf3 Ba6 4. d3 c5 5. c4 Nc6 6. Nc3 g6 7. Bg5 Qc7 8. g3 Bg7
9. Bg2 h6 10. Bf4 d6 11. O-O Nge7 12. a3 O-O 13. Qd2 Kh7 14. h4 Rad8 15. Kh2 Qc8
16. b4 Nd4 17. Nxd4 cxd4 18. Ne2 e5 19. Bh3 Qc7 20. b5 Bc8 21. Qd1 Bxh3 22. Kxh3
exf4 23. Nxf4 Be5 24. Ng2 Qd7+ 25. Kh2 f5 26. f4 Bg7 27. Qf3 Ng8 28. Rfe1 Nf6
29. e5 dxe5 30. fxe5 Ng4+ 31. Kh1 Nxe5 32. Qf4 Nxd3 0-1

[Event "Titled Tue 10th Jun Early"]
[Site "chess.com INT"]
[Date "2025.06.10"]
[Round "2"]
[White "Turzo, Attila"]
[Black "Stemmler, Fabian"]
[Result "1/2-1/2"]
[WhiteTitle "IM"]
[BlackTitle "CM"]
[WhiteElo "2245"]
[BlackElo "2190"]
[WhiteFideId "704954"]
[BlackFideId "12964808"]
[EventDate "2025.06.10"]

1. e4 e6 2. d4 d5 3. Bd3 c5 4. exd5 exd5 5. Nf3 Nf6 6. O-O c4 7. Re1+ Be7 8. Bf1
O-O 9. b3 cxb3 10. axb3 Nc6 11. h3 Bf5 12. Ba3 Bxa3 13. Nxa3 Ne4 14. c4 Nb4 15.
Rc1 Qf6 16. Ne5 Nxf2 17. Qf3 Ne4 18. g4 Be6 19. Qxf6 gxf6 20. Nd3 Nxd3 21. Bxd3
Nd2 22. Re3 Nxb3 23. Bxh7+ Kxh7 24. Rxb3 dxc4 25. Rxb7 Rfd8 26. Rc7 Rxd4 27.
Nxc4 Bxc4 28. R1xc4 Rxc4 29. Rxc4 a5 30. Ra4 Kg6 31. Kg2 f5 32. Kg3 fxg4 33.
Kxg4 Kf6 34. Kf4 Ke6 35. h4 Kd6 36. h5 Kc6 37. Kg5 Kb5 38. Rf4 a4 39. Rxf7 a3
40. Rf1 a2 41. h6 a1=Q 42. Rxa1 Rxa1 43. h7 Rh1 44. Kg6 Kc6 45. Kg7 Rg1+ 46. Kh8
Rh1 47. Kg7 Rxh7+ 48. Kxh7 1/2-1/2

[Event "Titled Tue 10th Jun Early"]
[Site "chess.com INT"]
[Date "2025.06.10"]
[Round "2"]
[White "Plyasunov, Daniil"]
[Black "Gibala, Adam"]
[Result "1-0"]
[WhiteTitle "FM"]
[BlackTitle "CM"]
[WhiteElo "2283"]
[BlackElo "2245"]
[WhiteFideId "44133839"]
[BlackFideId "21070288"]
[EventDate "2025.06.10"]

1. e4 c6 2. d4 d5 3. e5 Bf5 4. h4 a6 5. c4 h6 6. Nc3 e6 7. Nge2 b5 8. cxd5 cxd5
9. Ng3 Bh7 10. Bd3 Bxd3 11. Qxd3 Nc6 12. h5 Nge7 13. Be3 Nc8 14. Nce2 Nb6 15. b3
Bb4+ 16. Kf1 Be7 17. Rc1 Qd7 18. Nf4 Rc8 19. Qd2 Ba3 20. Rc2 O-O 21. Nge2 Ne7
22. Rxc8 Rxc8 23. g4 Qc6 24. Kg2 Qc2 25. Qa5 Qe4+ 26. Kh2 Qf3 27. Qxa3 Qxg4 28.
Qxe7 Rc2 29. Rg1 Qf3 30. Qh4 Nd7 31. Qg4 Qxg4 32. Rxg4 Rxa2 33. Rg1 a5 34. Nc3 1-0

[Event "Titled Tue 10th Jun Early"]
[Site "chess.com INT"]
[Date "2025.06.10"]
[Round "2"]
[White "Jiganchine, Roman"]
[Black "Goryachkina, Aleksandra"]
[Result "0-1"]
[WhiteTitle "CM"]
[BlackTitle "GM"]
[WhiteElo "2205"]
[BlackElo "2533"]
[WhiteFideId "2603667"]
[BlackFideId "4147103"]
[EventDate "2025.06.10"]

1. Nf3 Nf6 2. c4 g6 3. Nc3 Bg7 4. e4 e5 5. Nxe5 O-O 6. d4 Re8 7. Be2 c5 8. Nf3
Nxe4 9. O-O cxd4 10. Nxd4 Bxd4 11. Nxe4 Rxe4 12. Bf3 Rh4 13. g3 Be5 14. Re1 Rd4
15. Qe2 d6 16. Be3 Nc6 17. Bxc6 bxc6 18. Bxd4 Bxd4 19. Qe8+ Qxe8 20. Rxe8+ Kg7
21. Rd1 c5 22. b4 Bb7 23. Re7 Bf3 24. Rc1 cxb4 25. Rd7 Bc5 26. h4 Re8 27. h5
gxh5 28. Kh2 Re2 29. Rf1 Rxa2 0-1

[Event "Titled Tue 10th Jun Early"]
[Site "chess.com INT"]
[Date "2025.06.10"]
[Round "2"]
[White "Tifferet, Shakked"]
[Black "Klimkowski, Jan"]
[Result "0-1"]
[WhiteTitle "FM"]
[BlackTitle "GM"]
[WhiteElo "2322"]
[BlackElo "2508"]
[WhiteFideId "2811529"]
[BlackFideId "21856222"]
[EventDate "2025.06.10"]

1. d4 c6 2. c3 d5 3. Bf4 Nf6 4. e3 Bf5 5. Qb3 Qb6 6. Nd2 Nbd7 7. h3 h6 8. Ngf3
e6 9. Be2 Ne4 10. Ne5 Nxe5 11. Bxe5 f6 12. Bh2 Nxd2 13. Qxb6 axb6 14. Kxd2 b5
15. a3 Kd7 16. f3 h5 17. g4 Bg6 18. Bd3 Bxd3 19. Kxd3 Be7 20. Bg3 Rh7 21. Rh2
Rah8 22. Rah1 Bd6 23. Bxd6 Kxd6 24. h4 e5 25. dxe5+ fxe5 26. Rg1 Rf8 27. gxh5
Rxf3 28. Rg6+ Kc5 29. Rg5 e4+ 30. Ke2 Kc4 31. Rhg2 Kb3 32. Rxg7 Rxh5 33. Rxb7
Rxh4 34. Rc7 Rh6 35. Kd1 Rf1+ 36. Kd2 Rb1 37. Rg8 Rxb2+ 38. Kc1 Rh1+ 0-1

[Event "Titled Tue 10th Jun Early"]
[Site "chess.com INT"]
[Date "2025.06.10"]
[Round "2"]
[White "Flynn, Jacob"]
[Black "Rosen, Eric"]
[Result "0-1"]
[WhiteTitle "CM"]
[BlackTitle "IM"]
[WhiteElo "2274"]
[BlackElo "2377"]
[WhiteFideId "2509393"]
[BlackFideId "2032562"]
[EventDate "2025.06.10"]

1. Nf3 d5 2. g3 Nf6 3. Bg2 e6 4. O-O Be7 5. c4 O-O 6. d4 a5 7. Qc2 Nc6 8. a3 a4
9. Bg5 Bd7 10. Nbd2 h6 11. Bxf6 Bxf6 12. e3 Na5 13. Rfd1 Bc6 14. cxd5 Bxd5 15.
Rac1 Bb3 16. Nxb3 Nxb3 17. Rb1 c6 18. Nd2 Nxd2 19. Rxd2 Qb6 20. Rc1 Ra5 21. h4
Rd8 22. Rcd1 h5 23. Bf3 g6 24. Kg2 Kg7 25. Rd3 Rb5 26. Qxa4 Rxb2 27. R3d2 Rb5
28. Qc4 Ra8 29. a4 Rb4 30. Qc5 Raxa4 31. Qxb6 Rxb6 32. Rc2 Rbb4 33. Rdd2 Ra1 34.
Rb2 Rb1 35. Rxb4 Rxb4 36. Ra2 Be7 37. Ra8 Kf6 38. Be4 Bd6 39. Kf3 Rb2 40. Ra1
Bb4 41. Rb1 Bc3 42. Rxb2 Bxb2 43. Ke2 e5 44. Kd3 exd4 45. exd4 Ke6 46. f3 f5 0-1

[Event "Titled Tue 10th Jun Early"]
[Site "chess.com INT"]
[Date "2025.06.10"]
[Round "2"]
[White "Tabatabaei, M. Amin"]
[Black "Belov, Alexei"]
[Result "1-0"]
[WhiteTitle "GM"]
[BlackTitle "IM"]
[WhiteElo "2655"]
[BlackElo "2421"]
[WhiteFideId "12521213"]
[BlackFideId "4128206"]
[EventDate "2025.06.10"]

1. e4 e6 2. d4 d5 3. Nc3 Nf6 4. e5 Nfd7 5. f4 c5 6. Nf3 Nc6 7. Be3 Qb6 8. Na4
Qa5+ 9. c3 b6 10. Bd2 c4 11. b4 Nxb4 12. cxb4 Bxb4 13. Qc2 Bxd2+ 14. Nxd2 b5 15.
Nc3 b4 16. Nd1 Qb6 17. Nf3 a5 18. Be2 Nb8 19. Ne3 Nc6 20. Rd1 a4 21. O-O b3 22.
axb3 axb3 23. Qb1 Ra2 24. Rf2 c3 25. Bd3 Rxf2 26. Kxf2 Bd7 27. f5 O-O 28. f6 g6
29. Bc2 Rb8 30. Qc1 bxc2 31. Nxc2 Qd8 32. Rd3 Nb4 33. Nxb4 Rxb4 34. Rxc3 1-0

[Event "Titled Tue 10th Jun Early"]
[Site "chess.com INT"]
[Date "2025.06.10"]
[Round "2"]
[White "Hemam, Moulaye Brahim"]
[Black "Onoprijchuk, Boris"]
[Result "1-0"]
[WhiteTitle "CM"]
[BlackTitle "IM"]
[WhiteElo "1956"]
[BlackElo "2385"]
[WhiteFideId "19600054"]
[BlackFideId "4171179"]
[EventDate "2025.06.10"]

1. e4 e5 2. Nf3 Nc6 3. Bc4 Bc5 4. c3 Nf6 5. d3 a6 6. Bb3 Ba7 7. h3 h6 8. Nbd2
O-O 9. O-O d5 10. exd5 Nxd5 11. Ne4 Kh8 12. Re1 Be6 13. Ng3 Qd6 14. Ne4 Qd7 15.
d4 exd4 16. Nxd4 Nxd4 17. cxd4 Rad8 18. Nc5 Bxc5 19. dxc5 Qc6 20. Qc2 Nb4 21.
Qc3 Nd3 22. Bxh6 Rg8 23. Bg5 Nxe1 24. Rxe1 Rde8 25. Bc2 Qd5 26. Qg3 g6 27. Qh4+
Kg7 28. Bf6+ Kf8 29. Qh6+ Rg7 30. Qxg7# 1-0

[Event "Titled Tue 10th Jun Early"]
[Site "chess.com INT"]
[Date "2025.06.10"]
[Round "2"]
[White "Liu, Zhaoqi"]
[Black "Boruchovsky, Avital"]
[Result "0-1"]
[WhiteTitle "IM"]
[BlackTitle "GM"]
[WhiteElo "2400"]
[BlackElo "2513"]
[WhiteFideId "8609381"]
[BlackFideId "2800055"]
[EventDate "2025.06.10"]

1. c4 c5 2. Nc3 Nc6 3. g3 g6 4. Bg2 Bg7 5. a3 e5 6. b4 d6 7. Rb1 Nge7 8. d3 f5
9. Bd2 O-O 10. Nf3 h6 11. O-O Rb8 12. Qc1 Kh7 13. b5 Nd4 14. Nxd4 exd4 15. Nd5
b6 16. e3 Nxd5 17. Bxd5 dxe3 18. Bxe3 Bb7 19. Bd2 g5 20. Bc3 Bxd5 21. cxd5 Rb7
22. Bxg7 Rxg7 23. Qc4 Re8 24. Rfe1 Re5 25. Rxe5 dxe5 26. Re1 Qd6 27. g4 Rd7 28.
gxf5 Qxd5 29. Qe4 Qxe4 30. dxe4 g4 31. Kg2 Rd3 32. Rc1 h5 33. Re1 Kh6 34. Re3
Rxe3 35. fxe3 h4 36. Kf2 c4 37. Ke2 Kg5 38. a4 Kf6 0-1

[Event "Titled Tue 10th Jun Early"]
[Site "chess.com INT"]
[Date "2025.06.10"]
[Round "2"]
[White "Maglioni, Leonardo"]
[Black "Rees, Ioan"]
[Result "0-1"]
[BlackTitle "FM"]
[WhiteElo "2069"]
[BlackElo "2280"]
[WhiteFideId "2896830"]
[BlackFideId "1801236"]
[EventDate "2025.06.10"]

1. d4 Nf6 2. Bf4 g6 3. Nc3 d5 4. f3 Bg7 5. Qd2 O-O 6. O-O-O c5 7. dxc5 Be6 8. e4
Qa5 9. exd5 Nxd5 10. Nxd5 Qxa2 11. Nxe7+ Kh8 12. Qb4 Na6 13. Qa3 Qxa3 14. bxa3
Nxc5 15. Bd6 Na4 16. Bb5 Nc3 17. Bd3 Nxd1 18. Kxd1 Rfd8 19. Bb4 a5 20. Bc5 Rd7
21. Ke2 Bf6 22. Bb5 Rxe7 23. Bxe7 Bxe7 24. a4 Rc8 25. Bd3 Bd7 26. Nh3 Bxa4 27.
Ra1 Bxc2 28. Rxa5 Bxd3+ 29. Kxd3 Kg7 30. Nf4 Rd8+ 31. Ke2 Bd6 32. Rd5 Re8+ 0-1

[Event "Titled Tue 10th Jun Early"]
[Site "chess.com INT"]
[Date "2025.06.10"]
[Round "2"]
[White "Mata Gonzalez, Jose Fernando"]
[Black "Den Roover, Nikolay Jorgensen"]
[Result "1-0"]
[WhiteTitle "CM"]
[BlackTitle "CM"]
[WhiteElo "2164"]
[BlackElo "1970"]
[WhiteFideId "5107423"]
[BlackFideId "1557220"]
[EventDate "2025.06.10"]

1. e4 c6 2. d4 d5 3. Nc3 dxe4 4. Nxe4 Nf6 5. Nxf6+ exf6 6. c3 Bd6 7. Bd3 O-O 8.
Qc2 Re8+ 9. Ne2 h5 10. O-O h4 11. Nf4 Nd7 12. Qd1 Qc7 13. Nh5 Nf8 14. Bh6 gxh6
15. Nxf6+ Kh8 16. Qh5 Bxh2+ 17. Kh1 Qf4 18. Nxe8 Bg4 19. Qe5+ Qxe5 20. dxe5 Bxe5
21. f3 Bh5 22. Rae1 Rxe8 23. f4 Nd7 24. fxe5 Nxe5 25. Bc2 Kg8 26. Rf5 Bg6 27.
Rfxe5 Rxe5 28. Rxe5 Bxc2 29. Re7 Bg6 30. Rxb7 c5 31. Rxa7 h3 32. Rc7 Be4 33.
Rxc5 hxg2+ 34. Kg1 Kg7 35. Rc4 f5 36. a4 Bd5 37. Rd4 Bb7 38. b4 Kg6 39. a5 Kg5
40. b5 f4 41. a6 Ba8 42. b6 Kg4 43. b7 h5 44. bxa8=Q h4 45. Qxg2+ Kf5 46. Rd5+ 1-0

[Event "Titled Tue 10th Jun Early"]
[Site "chess.com INT"]
[Date "2025.06.10"]
[Round "2"]
[White "Estrada Nieto, Julian"]
[Black "Sitnic, Adnan"]
[Result "0-1"]
[WhiteTitle "IM"]
[BlackTitle "CM"]
[WhiteElo "2181"]
[BlackElo "2058"]
[WhiteFideId "5101018"]
[BlackFideId "14403854"]
[EventDate "2025.06.10"]

1. e4 Nc6 2. Nf3 d6 3. d4 Nf6 4. Nc3 Bg4 5. Bb5 a6 6. Bxc6+ bxc6 7. h3 Bh5 8. g4
Bg6 9. Qe2 e6 10. Bg5 Be7 11. O-O-O d5 12. Bxf6 Bxf6 13. e5 Be7 14. Nd2 c5 15.
dxc5 Bxc5 16. f4 c6 17. Nf3 h5 18. f5 exf5 19. e6 Qe7 20. exf7+ Bxf7 21. Ne5 f4
22. Nxc6 Qxe2 23. Nxe2 Be3+ 24. Kb1 Be6 25. Ned4 Bd7 26. Ne5 hxg4 27. Nxg4 Bxd4
28. Rxd4 O-O-O 29. Rhd1 Bxg4 30. hxg4 g5 31. b3 Rh4 32. Rxd5 Rxd5 33. Rxd5 Rxg4
34. Rf5 Rg3 35. Kb2 f3 36. Kc3 g4 37. Kd4 Rg2 38. c4 Rxa2 39. Kc5 f2 40. Kc6 Kd8
41. b4 g3 42. Kd6 Ke8 43. Ke6 g2 44. Rg5 g1=Q 0-1